| 000 | 00586nam a2200217 a 4500 | ||
|---|---|---|---|
| 003 | MX-MxUPN | ||
| 005 | 20230608063639.0 | ||
| 008 | 021014n19-- mx r 000 0 spa d | ||
| 035 | _aUPN01000120138 | ||
| 040 |
_aMX-MxUPN _bspa _cMX-MxUPN |
||
| 041 | 0 | _aspa | |
| 049 | _aLT | ||
| 050 | 4 |
_aLB1584 M6.1 _bC5.4 LM |
|
| 245 | 0 | 0 | _aCiencias sociales : primer año : manual del maestro. |
| 260 |
_a[México] : _bCIEA, _c[19--] |
||
| 300 | _a97 h. | ||
| 650 | 4 |
_aCiencias sociales _xEstudio y enseñanza (Elemental) _92813 |
|
| 902 | _aMMA/em | ||
| 905 | _aLibro | ||
| 942 |
_2lcc _cLIBRO |
||
| 999 |
_c92483 _d92483 |
||